|
|
|
|
| LEADER |
00000ckm a2200000 a 4500 |
| 001 |
vtls001233420 |
| 003 |
SK-MaSNL |
| 005 |
20260331203818.0 |
| 007 |
kf co |
| 008 |
231120s1987 xo g 0kuslo |
| 015 |
|
|
|a SNBG1987
|
| 035 |
|
|
|a SNK000180428
|
| 035 |
|
|
|a urn:nbn:sk:snk-km3lrsj
|
| 035 |
|
|
|a 95899E73-DD8A-4C83-A182-C10B1E53C389
|
| 035 |
|
|
|a urn:nbn:sk:snk-km00ct6l
|
| 040 |
|
|
|a SNK
|b slo
|c SNK
|e AACR2
|
| 041 |
0 |
|
|a slo
|
| 043 |
|
|
|a e-xo---
|
| 044 |
|
|
|a xo
|c SK
|
| 072 |
|
7 |
|a 908(437)
|x Vlastiveda Česka a Slovenska
|2 konspekt
|
| 080 |
|
|
|a 908(437.6)
|2 2011
|
| 080 |
|
|
|a 72
|2 2011
|
| 080 |
|
|
|a 069:72.031.4
|2 2011
|
| 080 |
|
|
|a 726:27-526.2
|2 2011
|
| 080 |
|
|
|a 726.54-035.3
|2 2011
|
| 080 |
|
|
|a 904(084.121)
|2 2011
|
| 080 |
|
|
|a 908.437.684(084.121)
|2 1981
|
| 100 |
1 |
|
|a Zemiar, Bohuslav,
|d 1952-
|4 pht
|9 47876
|
| 245 |
1 |
0 |
|a Stará Ľubovňa
|h grafika
|b Skanzen ľudovej architektúry a vstupný areál : drevený kostol z Matysovej s interiérom
|c foto: B. Zemiar ; výtvarný návrh: Ľ. Rázusová
|
| 246 |
1 |
|
|i Názov na obrazovej časti:
|a Stará Ľubovňa
|
| 260 |
|
|
|a Bratislava
|b ČSTK-Pressfoto
|c 1987
|e Skalica
|f Grafobal
|
| 300 |
|
|
|a 1 pohľadnica (4 čiastkové pohľady)
|b farebná
|c 11 x 15 cm
|
| 520 |
8 |
|
|a Zobrazenie: V bielom orámovaní pohľady zasneženú krajinu s ľudovu architektúru v skanzene Stará Ľubovňa
|
| 610 |
2 |
7 |
|a Múzeum ľudovej architektúry (Stará Ľubovňa, Slovensko)
|2 SNKKA
|9 59507
|
| 650 |
0 |
7 |
|a ľudová architektúra
|2 SNKPH
|9 2956
|
| 650 |
0 |
7 |
|a skanzeny
|2 SNKPH
|9 43922
|
| 650 |
0 |
7 |
|a drevené kostoly
|2 SNKPH
|9 3659
|
| 650 |
0 |
7 |
|a oltáre
|2 SNKPH
|9 3030
|
| 651 |
|
7 |
|a Stará Ľubovňa (Slovensko)
|2 SNKPHgeo
|9 19193
|
| 655 |
|
7 |
|a miestne pohľadnice
|2 SNKPH
|9 70510
|
| 655 |
|
7 |
|a pohľadnice kultúrnych pamiatok
|2 SNKPH
|9 70523
|
| 700 |
1 |
|
|a Rázusová, Ľubica
|c (grafička)
|4 art
|9 283298
|
| 852 |
|
|
|a Slovenská národná knižnica
|
| 954 |
|
|
|a pohľadnice pôvodné (slovenské)
|2 lita
|
| 958 |
|
|
|a GBN
|
| 958 |
|
|
|a TL
|
| 958 |
|
|
|a GC
|
| 958 |
|
|
|a OND
|
| 958 |
|
|
|a EUIPO
|
| 999 |
|
|
|c 861321
|d 863251
|
| 952 |
|
|
|a SNK
|b SNK
|y PREZ
|7 0
|p 17A1296447
|o snkSP 138184
|i snk1565/87
|0 0
|1 0
|4 0
|d 2019-04-05
|f 1
|l 0
|r 2026-02-24 05:12:10
|w 2026-02-24
|
| 952 |
|
|
|a SNK
|b SNK
|y PREZ
|7 0
|p 17A1296449
|o snkSP 138184 D1
|i snk1566/87
|0 0
|1 0
|4 0
|d 2019-04-05
|l 0
|r 2026-02-24 05:12:10
|w 2026-02-24
|